000 00334 a2200157 4500
001 64147
020 _a8516093440
040 _cAnchieta - Pituba
100 _aDreguer, Ricardo
240 1 0 _aO homem-pássaro
_lpor
245 1 0 _aO homem-pássaro
300 _a48p.
362 0 _a2014
650 4 _aLiteratura juvenil
942 _cBK
999 _c64147
_d64147